<?xml version="1.0" encoding="UTF-8"?>
<record
    xmlns:xsi="http://www.w3.org/2001/XMLSchema-instance"
    xsi:schemaLocation="http://www.loc.gov/MARC21/slim http://www.loc.gov/standards/marcxml/schema/MARC21slim.xsd"
    xmlns="http://www.loc.gov/MARC21/slim">

  <leader>01478nas a2200265   4500</leader>
  <controlfield tag="001">113762</controlfield>
  <controlfield tag="003">DR-UNIBE</controlfield>
  <controlfield tag="005">20250620113507.0</controlfield>
  <controlfield tag="008">250620b1997    it ||||| |||| 00| 0 eng d</controlfield>
  <datafield tag="040" ind1=" " ind2=" ">
    <subfield code="c">BIBLIOTECA UNIBE</subfield>
    <subfield code="a">BIBLIOTECA UNIBE</subfield>
  </datafield>
  <datafield tag="041" ind1=" " ind2=" ">
    <subfield code="a">eng</subfield>
  </datafield>
  <datafield tag="082" ind1=" " ind2=" ">
    <subfield code="a">PP 305.352 I58di</subfield>
  </datafield>
  <datafield tag="245" ind1="0" ind2="0">
    <subfield code="a">Innocenti digest (en ingl&#xE9;s) /</subfield>
    <subfield code="c">Fondo de las Naciones Unidas para la Infancia, Centro Internacional para el Desarrollo del Ni&#xF1;o</subfield>
  </datafield>
  <datafield tag="260" ind1=" " ind2=" ">
    <subfield code="a">Florencia, Italia : </subfield>
    <subfield code="b">Fondo de las Naciones Unidas para la Infancia (UNICEF). Centro de Investigaciones Innocenti,</subfield>
    <subfield code="c">1997</subfield>
  </datafield>
  <datafield tag="300" ind1=" " ind2=" ">
    <subfield code="a">vol&#xFA;menes :</subfield>
    <subfield code="b">ilustraciones ;</subfield>
    <subfield code="c">29 cm</subfield>
  </datafield>
  <datafield tag="310" ind1=" " ind2=" ">
    <subfield code="a">Tres veces al a&#xF1;o</subfield>
  </datafield>
  <datafield tag="362" ind1=" " ind2=" ">
    <subfield code="a">N&#xFA;mero 7 (marzo 2001)</subfield>
  </datafield>
  <datafield tag="520" ind1="3" ind2=" ">
    <subfield code="a">El Innocenti Digest es una publicaci&#xF3;n del Centro Internacional para el Desarrollo del Ni&#xF1;o de UNICEF que trata de suministrar inforamaci&#xF3;n fiable y de f&#xE1;cil manejo sobre asuntos de inter&#xE9;s relativos a los derechos del ni&#xF1;o. Su objetivo es servir de instrumento de trabajo a
quienes participan en la toma de decisiones a nivel ejecutivo, dirigen programas o de cualquier otra forma desarrollan su labor en &#xE1;mbitos relacionados con la infancia.</subfield>
  </datafield>
  <datafield tag="650" ind1=" " ind2="7">
    <subfield code="a">Derechos del ni&#xF1;o</subfield>
    <subfield code="9">158531</subfield>
    <subfield code="2">lemb</subfield>
  </datafield>
  <datafield tag="650" ind1=" " ind2="7">
    <subfield code="a">Bienestar infantil</subfield>
    <subfield code="2">lemb</subfield>
    <subfield code="9">5750</subfield>
  </datafield>
  <datafield tag="650" ind1=" " ind2="7">
    <subfield code="a">Instituciones de cuidados infantiles</subfield>
    <subfield code="2">lemb</subfield>
  </datafield>
  <datafield tag="655" ind1=" " ind2="7">
    <subfield code="2">lemb</subfield>
    <subfield code="a">Publicaciones peri&#xF3;dicas</subfield>
  </datafield>
  <datafield tag="710" ind1="2" ind2=" ">
    <subfield code="a">UNICEF.</subfield>
    <subfield code="b">Centro Internacional para el Desarrollo del Ni&#xF1;o</subfield>
    <subfield code="e">autor</subfield>
    <subfield code="9">196473</subfield>
  </datafield>
  <datafield tag="942" ind1=" " ind2=" ">
    <subfield code="2">ddc</subfield>
    <subfield code="c">CR</subfield>
  </datafield>
  <datafield tag="999" ind1=" " ind2=" ">
    <subfield code="c">113762</subfield>
    <subfield code="d">113762</subfield>
  </datafield>
  <datafield tag="952" ind1=" " ind2=" ">
    <subfield code="0">0</subfield>
    <subfield code="1">0</subfield>
    <subfield code="2">ddc</subfield>
    <subfield code="4">0</subfield>
    <subfield code="7">0</subfield>
    <subfield code="a">Principal</subfield>
    <subfield code="b">Principal</subfield>
    <subfield code="d">2025-06-20</subfield>
    <subfield code="h">N&#xFA;mero 7 (marzo 2001)</subfield>
    <subfield code="l">0</subfield>
    <subfield code="o">PP 305.352 I58di</subfield>
    <subfield code="p">R250189</subfield>
    <subfield code="r">2025-06-20 09:43:21</subfield>
    <subfield code="t">Ej. 1</subfield>
    <subfield code="w">2025-06-20</subfield>
    <subfield code="y">CR</subfield>
  </datafield>
</record>
